Výber elektromontážneho materiálu skupina 33

Podrobná bibliografia
Ďalší autori: Šipinka, Miloš (Zostavovateľ, kompilátor)
Médium: Kniha
Jazyk:slovenčina
Fyzický popis:88 s. sch., tb. 20 cm
Vydavateľské údaje: Bratislava Alfa 1977
Vydanie:1. vyd.
Predmet:

MARC

LEADER 00000cam a2200000 a 4500
001 vtls001110382
003 SK-MaSNL
005 20260301183040.0
008 250414s1977 xo l fr 00000 slo
015 |a SNBA1977/01 
020 |q (brož.) 
035 |a SNK000053225 
040 |a SNK  |b slo  |c SNK  |e AACR2 
041 0 |a slo 
044 |a xo  |c SK 
072 7 |a 621  |x Strojárstvo  |2 konspekt 
072 7 |a 621.3  |x Elektrotechnika  |2 konspekt 
080 |a 621.315.6(08)  |2 1981 
080 |a 621.33(085)  |2 1981 
080 |a 621.646  |2 2001 
080 |a 621.316:621.717  |2 2011 
080 |a 006.7/.8  |2 2011 
080 |a (035)  |2 2011 
245 0 0 |a Výber elektromontážneho materiálu  |b skupina 33  |c zostavil Miloš Šipinka 
250 |a 1. vyd. 
260 |a Bratislava  |b Alfa  |c 1977 
300 |a 88 s.  |b sch., tb.  |c 20 cm 
366 |e 1300 výtl. 
500 |a Účelová publikácia 
650 0 7 |a armatúry  |2 SNKPH  |9 17690 
650 0 7 |a elektromontážne práce  |2 SNKPH  |9 158652 
650 0 7 |a technické normy a štandardy  |2 SNKPH  |9 69944 
655 7 |a príručky  |2 SNKPH  |9 74364 
700 1 |a Šipinka, Miloš  |4 com  |9 343084 
852 |a Slovenská národná knižnica 
954 |a odborná, vedecká literatúra pôvodná (slovenská)  |2 lita 
958 |a OND 
958 |a TL 
999 |c 855696  |d 857626 
952 |a SNK  |b SNK  |y NEVYP  |7 1  |p 17A0950167  |o snkSC 42878 D1  |i snkKSP 251/78  |0 0  |1 0  |4 0  |d 2014-09-23  |l 0  |r 2026-02-24 04:55:36  |w 2026-02-24